<?xml version="1.0" encoding="UTF-8"?>
<record
    xmlns:xsi="http://www.w3.org/2001/XMLSchema-instance"
    xsi:schemaLocation="http://www.loc.gov/MARC21/slim http://www.loc.gov/standards/marcxml/schema/MARC21slim.xsd"
    xmlns="http://www.loc.gov/MARC21/slim">

  <leader>01381nam a22002177a 4500</leader>
  <controlfield tag="005">20250218153728.0</controlfield>
  <controlfield tag="008">250218b           ||||| |||| 00| 0 eng d</controlfield>
  <datafield tag="020" ind1=" " ind2=" ">
    <subfield code="a">9789381502751</subfield>
  </datafield>
  <datafield tag="040" ind1=" " ind2=" ">
    <subfield code="c">AL</subfield>
  </datafield>
  <datafield tag="041" ind1=" " ind2=" ">
    <subfield code="a">eng</subfield>
  </datafield>
  <datafield tag="082" ind1=" " ind2=" ">
    <subfield code="2">23</subfield>
    <subfield code="a">418.0071</subfield>
    <subfield code="b">DAWL</subfield>
  </datafield>
  <datafield tag="100" ind1=" " ind2=" ">
    <subfield code="a">Denaye Dawson</subfield>
    <subfield code="9">200910</subfield>
  </datafield>
  <datafield tag="245" ind1=" " ind2=" ">
    <subfield code="a">Language classroom </subfield>
    <subfield code="b">: challenges and rewards</subfield>
  </datafield>
  <datafield tag="260" ind1=" " ind2=" ">
    <subfield code="a">Pune</subfield>
    <subfield code="b">Knowledge Bakers Publications</subfield>
    <subfield code="c">2025</subfield>
  </datafield>
  <datafield tag="300" ind1=" " ind2=" ">
    <subfield code="a">x,176p.</subfield>
    <subfield code="b">HB</subfield>
    <subfield code="c">24x16.2cm.</subfield>
  </datafield>
  <datafield tag="365" ind1=" " ind2=" ">
    <subfield code="2">General</subfield>
    <subfield code="a">6384</subfield>
    <subfield code="b">&#x20B9;1512.00</subfield>
    <subfield code="c">&#x20B9;</subfield>
    <subfield code="d">&#x20B9;1890.00</subfield>
    <subfield code="e">20%</subfield>
    <subfield code="f">06-02-2025</subfield>
  </datafield>
  <datafield tag="520" ind1=" " ind2=" ">
    <subfield code="a">Language Classrooms: Challenges and Rewards provides a comprehensive exploration of the multifaceted aspects of language teaching and learning. Through collaboration with experts, this book covers topics such as teaching methodologies, learner motivation, assessment strategies, classroom management, technology integration, and cultural competence. With theoretical insights and practical strategies, readers gain insights into navigating the challenges and embracing the rewards of language education. Bridging theory and practice, this book empowers educators and learners to recognize the transformative potential of language learning and to embrace linguistic diversity in today's interconnected world.</subfield>
  </datafield>
  <datafield tag="650" ind1=" " ind2=" ">
    <subfield code="2">Applied Linguistics</subfield>
    <subfield code="a">Education research related topics</subfield>
    <subfield code="9">200911</subfield>
  </datafield>
  <datafield tag="700" ind1=" " ind2=" ">
    <subfield code="a">Hall, Harper</subfield>
    <subfield code="9">200912</subfield>
  </datafield>
  <datafield tag="942" ind1=" " ind2=" ">
    <subfield code="2">ddc</subfield>
    <subfield code="c">BK</subfield>
  </datafield>
  <datafield tag="999" ind1=" " ind2=" ">
    <subfield code="c">233835</subfield>
    <subfield code="d">233835</subfield>
  </datafield>
  <datafield tag="952" ind1=" " ind2=" ">
    <subfield code="0">0</subfield>
    <subfield code="1">0</subfield>
    <subfield code="2">ddc</subfield>
    <subfield code="4">0</subfield>
    <subfield code="7">0</subfield>
    <subfield code="8">MAENG</subfield>
    <subfield code="a">SACPG</subfield>
    <subfield code="b">SACPG</subfield>
    <subfield code="d">2025-02-08</subfield>
    <subfield code="e">Biblios Book Point</subfield>
    <subfield code="g">1512.00</subfield>
    <subfield code="l">0</subfield>
    <subfield code="o">418.0071 DAWL</subfield>
    <subfield code="p">PG024823</subfield>
    <subfield code="r">2025-02-18 00:00:00</subfield>
    <subfield code="v">1890.00</subfield>
    <subfield code="w">2025-02-18</subfield>
    <subfield code="y">BK</subfield>
  </datafield>
</record>
